000 00582nam a2200145Ia 4500
008 231221s9999 xx 000 0 und d
020 _a978-94-007-6516-0
041 _aEnglish
100 _aHoe-Kyung Jung, Jung Tae Kim, Tony Sahama, Chung-Huang Yang
245 0 _aFuture Information Communication Technology and Applications
260 _c2013
_bSpringer Netherlands
_aNew York
440 _aLecture Notes in Electrical Engineering
650 _aCommunications Engineering, Networks; Computer Communication Networks; Information Systems and Communication Service
942 _cEB
999 _c230312
_d230312